大日本帝国海軍 戦艦 - Statistics

General Stats
  • This quiz has been taken 120 times
  • The average score is 13 of 36
Answer Stats
Hints Answer % Correct
大和
97%
武蔵
86%
長門
78%
陸奥
74%
日向
67%
金剛
66%
伊勢
66%
山城
64%
霧島
57%
三笠
53%
榛名
52%
二等戦艦 扶桑
51%
比叡
51%
扶桑
51%
薩摩
38%
一等戦艦 富士
34%
摂津
30%
河内
28%
安芸
27%
敷島
25%
朝日
22%
周防
20%
肥前
19%
相模
18%
初瀬
17%
八島
16%
石見
16%
壱岐
16%
丹後
14%
筑波
13%
鎮遠
9%
伊吹
9%
生駒
8%
等級廃止後 香取
7%
鞍馬
7%
鹿島
6%
No matching quizzes found
Score Distribution
Percent of People with Each Score
Percentile by Number Answered
Your Score History
You have not taken this quiz